| 000 | 00538nam a2200205Ia 4500 | ||
|---|---|---|---|
| 008 | 240513s9999 xx 000 0 und d | ||
| 020 | _a0008120320654 | ||
| 041 | _aEng | ||
| 082 | _a004.62 | ||
| 082 | _bC55 | ||
| 100 | _aCOMER D.E. | ||
| 245 | 0 | _aINTERNETWORKING WITH TCP/IP : PRINCIPLES ,PROTOCOLS AND ARCHITECTURES : VOLUME 1 | |
| 250 | _a4th ed. | ||
| 260 | _bNEWDELHI : PRINTICE HALL | ||
| 260 | _c2000 | ||
| 300 | _a750 p. | ||
| 650 | _aCOMPUTER NETWORKS : NETWORK PROTOCOLS : TCP/IP | ||
| 942 | _2ddc | ||
| 942 | _cLBK | ||
| 999 |
_c21815 _d21815 |
||
| 945 |
_a1 _bMadushi Gamage _c1 _dMadushi Gamage |
||